| 000 | 01202nam a2200301Ia 4500 | ||
|---|---|---|---|
| 001 | ebr10634154 | ||
| 003 | CaPaEBR | ||
| 006 | m u | ||
| 007 | cr cn||||||||| | ||
| 008 | 111107r20021968enk sb 001 0beng d | ||
| 020 | _z9780718840129 (ebook) | ||
| 020 | _z9780718891039 | ||
| 040 |
_aCaPaEBR _cCaPaEBR |
||
| 035 | _a(OCoLC)847592120 | ||
| 050 | 1 | 4 |
_aBX5199.A545 _bP3 2002eb |
| 100 | 1 |
_aPaton, David M. _q(David Macdonald), _d1913-1992. |
|
| 245 | 1 | 0 |
_aReform of the ministry _h[electronic resource] : _ba study in the work of Roland Allen / _cDavid M. Paton. |
| 260 |
_aCambridge, U.K. : _bLutterworth P., _c2002, c1968. |
||
| 300 | _a235 p. | ||
| 504 | _aIncludes bibliographical references and index. | ||
| 533 |
_aElectronic reproduction. _bPalo Alto, Calif. : _cebrary, _d2013. _nAvailable via World Wide Web. _nAccess may be limited to ebrary affiliated libraries. |
||
| 600 | 1 | 0 |
_aAllen, Roland, _d1869-1947. |
| 650 | 0 | _aClergy. | |
| 655 | 7 |
_aElectronic books. _2local |
|
| 700 | 1 |
_aAllen, Roland, _d1869-1947. |
|
| 710 | 2 | _aebrary, Inc. | |
| 856 | 4 | 0 |
_uhttp://site.ebrary.com/lib/rucke/Doc?id=10634154 _zAn electronic book accessible through the World Wide Web; click to view |
| 999 |
_c157334 _d157334 |
||